00495nam a2200145Ia 4500008004100000041000800041082001200049100002300061245003500084260003500119300003000154365001100184999001700195952013700212240624s9999 xx 000 0 und d aeng a828 RAW aRAWAT RACHNA BISHT aBRAVE PARAM VIR CHAKRA STORIES c2014aNew DelhibPenguin India axi, : 283 : p. : cm. ; 19 cRSb25 c23815d23815 00104070aIMTNbIMTNcRack 43-Ad2014-11-13eWBDg250.00l1m1o828 RAWp23815r2024-08-22 00:00:00s2024-08-03t1w2024-06-24yBK